00588nam a2200169Ia 450000500170000000800410001702000150005808200130007310000160008624500360010226000400013830000200017850001040019894200060030295200950030899900150040320250613032436.0240331s9999 xx 000 0 und d a9552093333 bULLa306 aUllishewa,P 0aUdarata sanskruthika abhimanaya aColombobS. Godage & Brothersc2008 aXXiii, 239 p ., aIn this Book, Tried to Explain the pride of the upcountry regions among lower class and upper class cL 001040708LaWERCLbWERCLcSSCd2024-03-31l0o 306 ULLp6335r2024-03-31w2024-03-31yL c5221d5221